The Ruhr ; a study in historical and economic geography /

Bibliographic Details
Main Author: Pounds, Norman John Greville
Format: Book
Language:English
Published: New York : Greenwood Press, 1968.
Subjects:

MARC

Tag First Indicator Second Indicator Subfields
LEADER 00000cam a22000001 4500
001 in00000226830
005 20151009081527.0
008 710208r19681952nyub b 00010 eng
010 |a  68055636  
035 |a (OCoLC)00223843 
035 |9 AAZ6830AM 
040 |a DLC  |c DLC  |d TXA  |d UtOrBLW 
043 |a e-gw--- 
049 |a TXAM  |c [484421] 
050 0 0 |a HC288.R8  |b P6 1968 
082 0 |a 330.943 
100 1 |a Pounds, Norman John Greville. 
245 1 4 |a The Ruhr ;  |b a study in historical and economic geography /  |c by Norman J. G. Pounds. 
264 1 |a New York :  |b Greenwood Press,  |c 1968. 
300 |a 283 pages :  |b maps. ;  |c 24 cm. 
336 |a text  |b txt  |2 rdacontent 
337 |a unmediated  |b n  |2 rdamedia 
338 |a volume  |b nc  |2 rdacarrier 
500 |a Reprint of the 1952 edition. 
504 |a Includes bibliographical references. 
650 0 |a Mineral industries  |z Germany  |z Ruhr River Valley. 
651 0 |a Ruhr Valley  |x Economic conditions. 
999 |a MARS 
999 f f |s 46368b08-7bcb-3b31-82cc-1e9a2b637e37  |i 98101910-85a4-3a08-8c56-052fe7cedf41  |t 0 
952 f f |p ric  |a Texas A&M University  |b Rellis Campus  |c Joint Library Facility  |d Remote Storage  |t 0  |e HC288.R8 P6 1968  |h Library of Congress classification  |i unmediated -- volume  |m A14802596517 
998 f f |a HC288.R8 P6 1968  |t 0  |l Remote Storage